| 000 | 00405nam a2200157Ia 4500 | ||
|---|---|---|---|
| 008 | 230312s9999||||xx |||||||||||||| ||und|| | ||
| 020 | _a0-13-089571-7 | ||
| 082 |
_a005.13 _bDEI-M |
||
| 100 | _aDeitel H.M. | ||
| 245 | 0 | _aC++ How to Program | |
| 260 |
_bPrentice Hall _aNew Jersey _c2001 |
||
| 300 | _a1168 | ||
| 546 | _aEng. | ||
| 650 |
_aComputer _vWhat is Computer ? Computer Organization |
||
| 942 | _cBK | ||
| 999 |
_c3295 _d3295 |
||